Preclassic Maya pottery at Cuello, Belize /

Bibliographic Details
Main Author: Kosakowsky, Laura J.
Format: Book
Language:English
Published: Tucson, Ariz. : University of Arizona Press, 1987.
Series:Anthropological papers of the University of Arizona ; no. 47.
Subjects:

MARC

Tag First Indicator Second Indicator Subfields
LEADER 00000cam a2200000 a 4500
001 in00000013911
005 20151007052108.0
008 870623s1987 azua b f00110 eng
010 |a  87016249  
020 |a 0816510172 (pbk. : alk. paper) :  |c $29.95 
035 |a (OCoLC)16224994 
035 |9 AAA6257AM 
040 |a DLC  |c DLC  |d TXA  |d UtOrBLW 
043 |a ncbh--- 
049 |a TXAM  |c [A11047185] 
050 0 0 |a F1435.1.C84  |b K67 1987 
082 0 |a 972.82/6  |2 19 
100 1 |a Kosakowsky, Laura J. 
245 1 0 |a Preclassic Maya pottery at Cuello, Belize /  |c Laura J. Kosakowsky. 
264 1 |a Tucson, Ariz. :  |b University of Arizona Press,  |c 1987. 
300 |a vii, 101 pages :  |b illustrations ;  |c 28 cm. 
336 |a text  |b txt  |2 rdacontent 
337 |a unmediated  |b n  |2 rdamedia 
338 |a volume  |b nc  |2 rdacarrier 
490 1 |a Anthropological papers of the University of Arizona ;  |v no. 47 
500 |a Summaries in English and Spanish. 
504 |a Bibliography: pages 93-94. 
500 |a Includes index. 
651 0 |a Cuello Site (Belize) 
650 0 |a Maya pottery. 
650 0 |a Indian pottery  |z Belize. 
650 0 |a Excavations (Archaeology)  |z Belize. 
650 0 |a Indians of Central America  |z Belize  |x Antiquities. 
650 0 |a Mayas  |x Antiquities. 
651 0 |a Belize  |x Antiquities. 
830 0 |a Anthropological papers of the University of Arizona ;  |v no. 47. 
999 |a MARS 
999 f f |s fd70595f-4d7e-3af9-b342-10222c6b3515  |i 12a73590-89ac-3263-a3ce-9dd11a8fc272  |t 0 
952 f f |p normal  |a Texas A&M University  |b College Station  |c Sterling C. Evans Library  |d Evans: Library Stacks  |t 0  |e F1435.1.C84 K67 1987  |h Library of Congress classification  |i unmediated -- volume  |m A14811047185 
998 f f |a F1435.1.C84 K67 1987  |t 0  |l Evans: Library Stacks